East Germany or West Germany? - Statistics

General Stats
  • This quiz has been taken 151 times
    51 since last reset
  • The average score is 18 of 30
Answer Stats
Question Answer % Correct
Had a larger population West Germany
94%
Its capital city was Berlin East Germany
85%
Its flag featured a hammer and compass East Germany
85%
Its head of government was called a Chancellor West Germany
85%
It was a member in the EU West Germany
83%
Most of its immigrants came from Vietnam, Cuba, Mozambique, Angola, Poland, and Hungary. East Germany
81%
Had the longer border with the other Same
81%
A city called Danzig was located in it Neither
79%
Its currency was the Mark Both
77%
Ancient Rome once occupied parts of its territory West Germany
74%
Its highest elevation was above 2,500 m West Germany
68%
A river formed at least one of its borders Both
64%
The historic state of Prussia had territory there Both
64%
Won more Winter Olympic gold medals between 1968 and 1988 East Germany
64%
Had more islands in sea waters West Germant
64%
The river Elbe flowed through it Both
62%
One of its first level administrative sub-divisions was called "Berlin" Both
60%
A city called Weimar was located in it. East Germany
60%
Shared a land border with Czechoslovakia Both
57%
Russian was one of its official languages Neither
57%
Bordered the Baltic Sea Both
55%
A city called Frankfurt was located in it Both
51%
Won at least one FIFA World Cup game Both
51%
A larger percent of its population was Protestant than Catholic East Germany
49%
Its population grew steadily until 1989 West Germany
47%
Its geographic shape was wider (East-West distance) than tall (North-South distance) Neither
38%
Had the larger lake located entirely within its borders. East Germany
36%
Played in at last one UEFA European Championship West Germany
32%
Its army participated in international deployments Neither
21%
An official "Communist Party" existed there. West Germany
6%
No matching quizzes found
Score Distribution
Percent of People with Each Score
Percentile by Number Answered
Your Score History
You have not taken this quiz since the last reset